[Event "2nd IECC"]
[Site "Ohrid MKD"]
[Date "2001.06.05"]
[Round "5"]
[White "Piket,Je"]
[Black "Sargissian,G"]
[Result "1/2-1/2"]
[WhiteElo "2628"]
[BlackElo "2517"]

1.d4 d5 2.c4 e6 3.Nf3 Nf6 4.g3 Be7 5.Bg2 O-O 6.O-O c6 7.Qb3 Nbd7 8.Rd1 b6
9.Bf4 Bb7 10.Nc3 Nh5 11.Rac1 Nxf4 12.gxf4 Bd6 13.e3 Qe7 14.Ne5 Rac8 15.Qa4 Nxe5
16.fxe5 Bb8 17.f4 f6 18.Ne2 Kh8 19.Rc3 g5 20.cxd5 exd5 21.Qc2 c5 22.dxc5 bxc5
23.Bxd5 gxf4 24.exf4 fxe5 25.Bxb7 Qxb7 26.f5 e4 27.Rxc5 Qb6 28.b4 Rxf5 29.Kh1 Rcxc5
30.bxc5 Rxc5 31.Qxe4 Rc8 32.Qf3 Re8  1/2-1/2

[Event "ch-IND"]
[Site "New Delhi IND"]
[Date "2001.06.09"]
[Round "15"]
[White "Sriram,J"]
[Black "Murugan,K"]
[Result "1/2-1/2"]
[WhiteElo "2390"]
[BlackElo "2390"]

1.d4 Nf6 2.c4 e6 3.Nf3 d5 4.g3 Be7 5.Bg2 O-O 6.O-O dxc4 7.Qc2 a6 8.Qxc4 b5
9.Qc2 Bb7 10.Bf4 Nc6 11.Rd1 Nb4 12.Qc1 Rc8 13.Nc3 Nbd5 14.Ne5 c5 15.Nxd5 Bxd5
16.Bxd5  1/2-1/2

[Event "2nd IECC"]
[Site "Ohrid MKD"]
[Date "2001.06.09"]
[Round "8"]
[White "Savchenko,S"]
[Black "Kruppa,Y"]
[Result "1/2-1/2"]
[WhiteElo "2517"]
[BlackElo "2572"]

1.d4 Nf6 2.c4 e6 3.Nf3 d5 4.g3 Be7 5.Bg2 O-O 6.O-O dxc4 7.Qc2 a6 8.a4 Bd7
9.Qxc4 Bc6 10.Bg5 Bd5 11.Qc2 Be4 12.Qc1 h6 13.Bxf6 Bxf6 14.Rd1 c6 15.a5 Be7
16.Qe3 Bxb1 17.Rdxb1 Nd7 18.Qb3 Rb8 19.Rc1 Bd6 20.Nd2 Bc7 21.Qc3 Qe7 22.e3 Rfc8
23.Qb3 Qd8 24.Nc4 Qe7 25.h4 e5 26.d5 cxd5 27.Bxd5 Nf6 28.Bg2 Rd8 29.Rd1 Qe6
30.Qb4 e4 31.Rac1 Rxd1+ 32.Rxd1 Qc6 33.b3 Re8 34.Bh3 Nd5 35.Qd2 Rd8 36.Qc2 Bxa5
37.Qxe4 Nb4 38.Rxd8+ Bxd8 39.Qe5  1/2-1/2

[Event "2nd IECC"]
[Site "Ohrid MKD"]
[Date "2001.06.11"]
[Round "10"]
[White "Savchenko,S"]
[Black "Stefansson,H"]
[Result "1-0"]
[WhiteElo "2517"]
[BlackElo "2570"]

1.d4 Nf6 2.c4 e6 3.g3 d5 4.Nf3 Be7 5.Bg2 O-O 6.O-O dxc4 7.Qc2 a6 8.a4 Bd7
9.Qxc4 Bc6 10.Bg5 Bd5 11.Qc2 Be4 12.Qd1 c5 13.dxc5 Bxc5 14.Qxd8 Rxd8 15.Nbd2 Bc6
16.Nb3 Bb4 17.Rfc1 Nbd7 18.Bd2 Bxd2 19.Nfxd2 Bxg2 20.Kxg2 Ne5 21.Nc4 Nxc4
22.Rxc4 Ne8 23.Rac1 Kf8 24.Rb4 Rab8 25.Nc5 Nd6 26.Rc3 Rbc8 27.Rb6 Ke7 28.Nxb7 Rxc3
29.Nxd8 Rc2 30.Nc6+ Kd7 31.Ne5+ Kc7 32.Rxa6 f6 33.Nd3 Rxe2 34.b4 e5 35.b5 Nf5
36.Nc5 Rb2 37.Rc6+ Kd8 38.b6  1-0

[Event "2nd IECC"]
[Site "Ohrid MKD"]
[Date "2001.06.11"]
[Round "10"]
[White "Sulava,N"]
[Black "Arlandi,E"]
[Result "1-0"]
[WhiteElo "2526"]
[BlackElo "2423"]

1.Nf3 d5 2.d4 e6 3.c4 Nf6 4.g3 Be7 5.Bg2 O-O 6.O-O dxc4 7.Qc2 a6 8.a4 Bd7
9.Qxc4 Bc6 10.Bg5 Bd5 11.Qc2 Be4 12.Qc1 h6 13.Bf4 Nd5 14.Nc3 Bxf3 15.Bxf3 c6
16.Rd1 Nxf4 17.Qxf4 Nd7 18.a5 Rc8 19.Ra4 Qc7 20.Qc1 Rfd8 21.Qa1 Nf6 22.Rc4 Rd7
23.e4 Qd8 24.Kg2 Bf8 25.b4 Rcc7 26.Na4 Qe7 27.h4 Rd8 28.Nc5 Rcc8 29.Nd3 Ne8
30.Rdc1 Nd6 31.R4c2 g6 32.d5 cxd5 33.Rxc8 Rxc8 34.Rxc8 Nxc8 35.exd5 e5 36.Nxe5 Qxb4
37.Ng4 Bg7 38.Qc1 Qf8 39.Qf4 Nd6 40.Nf6+ Bxf6 41.Qxf6 h5 42.Be2 Qb8 43.Bd3 Ne8
44.Qb6 Qc7 45.Qxc7 Nxc7 46.d6 Ne6 47.Kf3 Kf8 48.Be4 Nd8 49.Ke3 Ke8 50.Kd4 Kd7
51.Kc5 Ne6+ 52.Kb6 Kxd6 53.Bxb7 f6 54.Bxa6 g5 55.Be2 gxh4 56.gxh4 Nc7 57.Bxh5 Nd5+
58.Kb7  1-0

[Event "2nd IECC"]
[Site "Ohrid MKD"]
[Date "2001.06.12"]
[Round "11"]
[White "Romanishin,O"]
[Black "Georgiev,Ki"]
[Result "1/2-1/2"]
[WhiteElo "2559"]
[BlackElo "2676"]

1.Nf3 Nf6 2.c4 e6 3.g3 d5 4.Bg2 Be7 5.d4 O-O 6.O-O dxc4 7.Qc2 a6 8.a4 Bd7
9.Qxc4 Bc6 10.Bg5 a5 11.Nc3 Na6 12.Bxf6 Bxf6 13.e4 Nb4 14.Rfd1 b6 15.Rd2 Bb7
16.Qe2 g6 17.Qe3 Qe7 18.h4 Rad8 19.Rad1 c5 20.e5 Bg7 21.dxc5 Bxf3 22.Rxd8 Rxd8
23.Rxd8+ Qxd8 24.Bxf3 bxc5 25.Qxc5 Nd3 26.Qd6 Bf6 27.Ne4 Be7 28.Qxd8+ Bxd8
29.Nf6+ Kg7 30.Nd7 Bc7 31.Be2  1/2-1/2

[Event "2nd IECC"]
[Site "Ohrid MKD"]
[Date "2001.06.12"]
[Round "11"]
[White "Likavsky,T"]
[Black "Sargissian,G"]
[Result "1/2-1/2"]
[WhiteElo "2425"]
[BlackElo "2517"]

1.d4 d5 2.c4 e6 3.Nf3 Nf6 4.g3 Be7 5.Bg2 O-O 6.O-O dxc4 7.Qc2 a6 8.Qxc4 b5
9.Qc2 Bb7 10.Bf4 Nc6 11.Rd1 Nb4 12.Qc1 Qc8 13.Bg5 c5 14.Bxf6 Bxf6 15.dxc5 a5
16.Na3 Bc6 17.Nc2 Ra7 18.Nxb4 axb4 19.a3 Ra4 20.b3 Ra6 21.Nd4 Bxg2 22.Kxg2 bxa3
23.b4 Rd8 24.e3 Bxd4 25.exd4 Qc6+ 26.Kg1 a2 27.Qb2 Qd5 28.Qe2 Rb8 29.Rd2 Ra4
30.Raxa2 Rxb4 31.Rab2 Rc4 32.Rd1 g6 33.h4 b4 34.Qd2 b3 35.Qd3 Rcb4 36.Kh2 Kg7
37.Qe3 h6 38.Rd3 R8b5 39.c6 Qxc6 40.Rdxb3 Rxb3 41.Rxb3 Rd5 42.Rb4 g5 43.hxg5 hxg5
44.Qf3 Qd6 45.Qc3 Qd8 46.Rc4 g4 47.Kg2 Qf6 48.Qe3 Qf5 49.Rc5 Qb1 50.Kh2 Qh7+
51.Kg1 Qf5 52.Rxd5 Qxd5 53.Qf4 f5 54.Kf1 Kf6 55.Qh6+ Ke7 56.Qe3 Kd6 57.Qa3+ Kd7
58.Qa7+ Kc8 59.Qa6+ Kd8 60.Qb6+ Ke7 61.Qc7+ Kf6 62.Qf4 Qc4+ 63.Ke1 Ke7 64.Qe5 Kd7
65.Kd2 Kc6 66.Ke3 Qc1+ 67.Ke2 Qc2+ 68.Ke1 Qc3+ 69.Ke2 Qf3+ 70.Ke1 Qd5 71.Qe3 Kb5
72.Kd2 Qa2+ 73.Kc3 Qa3+ 74.Kc2 Qa2+ 75.Kc3 Qc4+ 76.Kd2 Kb4 77.Qe5 Qc3+ 78.Ke2 Qf3+
79.Ke1 Qd5 80.Qe3 Qa2 81.Kd1 Qb3+ 82.Kd2 Qxe3+ 83.fxe3 Kc4 84.Kc2 Kd5 85.Kd3 e5
86.dxe5 Kxe5 87.Kd2 Kd6 88.Kc2 Ke5 89.Kd2 Ke6 90.Kc3  1/2-1/2

[Event "2nd IECC"]
[Site "Ohrid MKD"]
[Date "2001.06.13"]
[Round "12"]
[White "Savchenko,S"]
[Black "Pigusov,E"]
[Result "1/2-1/2"]
[WhiteElo "2517"]
[BlackElo "2584"]

1.d4 Nf6 2.c4 e6 3.Nf3 d5 4.g3 Be7 5.Bg2 O-O 6.O-O dxc4 7.Qc2 a6 8.a4 Bd7
9.Qxc4 Bc6 10.Bg5 Bd5 11.Qc2 Be4 12.Qd1 c5 13.dxc5 Bxc5 14.Qxd8 Rxd8 15.Nbd2 Bc6
16.Nb3 Bb4 17.Rfc1 Nbd7 18.Bd2 Bxd2 19.Nfxd2 Bxg2 20.Kxg2 Rdc8 21.Nc4 Rab8
22.Nca5 g5 23.Kf1 Kf8 24.Ke1  1/2-1/2

[Event "2nd IECC"]
[Site "Ohrid MKD"]
[Date "2001.06.13"]
[Round "12"]
[White "Anastasian,A"]
[Black "Vaganian,R"]
[Result "1/2-1/2"]
[WhiteElo "2574"]
[BlackElo "2641"]

1.d4 d5 2.c4 e6 3.Nf3 Nf6 4.g3 Be7 5.Bg2 O-O 6.O-O dxc4 7.Qc2 a6 8.a4 Bd7
9.Qxc4 Bc6 10.Bg5 a5 11.Nc3 Na6 12.Bxf6 Bxf6 13.e4 Nb4  1/2-1/2

[Event "White Nights"]
[Site "St Petersburg RUS"]
[Date "2001.06.13"]
[Round "5"]
[White "Biriukov,O"]
[Black "Vaingorten,Y"]
[Result "1-0"]
[WhiteElo "2372"]
[BlackElo "2192"]

1.d4 Nf6 2.c4 e6 3.g3 d5 4.Bg2 Be7 5.Nf3 O-O 6.O-O dxc4 7.Ne5 Nc6 8.Bxc6 bxc6
9.Nxc6 Qd7 10.Nxe7+ Qxe7 11.Qa4 c5 12.Qc6 Bb7 13.Qxc5 Qxc5 14.dxc5 Nd5 15.Na3 Ba6
16.Bd2 c3 17.bxc3 Bxe2 18.Rfe1 Ba6 19.c4 Nf6 20.Bf4 Rfc8 21.Bd6 Nd7 22.Nb5 Rc6
23.Nd4 Rcc8 24.Nb5 Rc6 25.Nd4 Rcc8 26.c6 Nb6 27.c5 Nd5 28.Rab1 h5 29.Rec1 f6
30.Nxe6 Rxc6 31.Nd4 Rcc8 32.Rb3 Nc7 33.Ra3 Nb5 34.Rxa6 Nxd4 35.Kg2 Nf5 36.Rb1 Re8
37.Rb7 Red8 38.h4 Kh7 39.Bf4 Rd5 40.c6 Rc5 41.c7  1-0

[Event "43rd Tch-POR"]
[Site "Barreiro POR"]
[Date "2001.06.16"]
[Round "3"]
[White "Pinho,P"]
[Black "Rodrigues,Af"]
[Result "0-1"]
[WhiteElo "2194"]
[BlackElo "2084"]

1.d4 d5 2.c4 e6 3.Nf3 Nf6 4.g3 Be7 5.Bg2 O-O 6.O-O c5 7.cxd5 Nxd5 8.dxc5 Bxc5
9.a3 b6 10.Qc2 Qc7 11.e4 Nf6 12.Bf4 Qc6 13.Bxb8 Rxb8 14.e5 Qe4 15.Qc1 Ng4
16.Nc3 Qf5 17.b4 Bb7 18.Qf4 Bxf3 19.Qxf5 exf5 20.Bxf3 Nxe5 21.bxc5 Nxf3+
22.Kg2 Nd2 23.Rfe1 Nb3 24.Rad1 Nxc5 25.Re7 a5 26.Rd6 Rfd8  0-1

[Event "5th Open"]
[Site "Voronezh RUS"]
[Date "2001.06.18"]
[Round "6"]
[White "Kobylkin,E"]
[Black "Tunik,G"]
[Result "1/2-1/2"]
[WhiteElo "2355"]
[BlackElo "2434"]

1.d4 Nf6 2.c4 e6 3.g3 d5 4.Bg2 Be7 5.Nf3 O-O 6.O-O dxc4 7.Qc2 a6 8.a4 Bd7
9.Qxc4 Bc6 10.Bg5 Bd5 11.Qc2 Be4 12.Qd1 c5 13.Nbd2 Bc6 14.dxc5 Bxc5 15.Qc2 Nbd7
16.Bxf6 Qxf6 17.Ne4 Qe7 18.Nxc5 Qxc5 19.Rfc1 Qxc2 20.Rxc2 Rfd8 21.a5 Kf8
22.Ng5 Bxg2 23.Kxg2 Rac8 24.Rac1 Rxc2 25.Rxc2 h6 26.Ne4 Ke7 27.Rc7 f5 28.Nd2 Rb8
29.Nf3 Kd6 30.Rc2 b6 31.Rd2+ Ke7 32.Rc2  1/2-1/2

[Event "III ShakkiNet GM"]
[Site "Helsinki FIN"]
[Date "2001.06.25"]
[Round "5"]
[White "Horvath,Jo"]
[Black "Maki Uuro,Mi"]
[Result "1-0"]
[WhiteElo "2551"]
[BlackElo "2346"]

1.c4 e6 2.Nf3 Nf6 3.g3 d5 4.Bg2 Be7 5.d4 O-O 6.Qc2 c5 7.O-O cxd4 8.Nxd4 Nc6
9.Nxc6 bxc6 10.b3 Bb7 11.Bb2 Qb6 12.Nc3 Rfd8 13.Na4 Qa5 14.Rac1 dxc4 15.Qxc4 Ba6
16.Bc3 Qb5 17.Qxc6 Rac8 18.Qxb5 Bxb5 19.Ba5 Re8 20.Nc3 Bc6 21.Bxc6 Rxc6 22.Nd5 Ra6
23.Nxe7+ Rxe7 24.b4 Kf8 25.Rfd1 Rd7 26.Rc8+ Ke7 27.Bd8+ Rxd8 28.Rcxd8 Rxa2
29.Rb8 Nd5 30.e4 Nb6 31.Rb7+ Kf6 32.Rc1 Ra4 33.Rcc7 Rxb4  1-0

[Event "12th Open"]
[Site "Ljubljana SLO"]
[Date "2001.06.30"]
[Round "8"]
[White "Loncar,R"]
[Black "Kastelic,M"]
[Result "1-0"]
[WhiteElo "2433"]
[BlackElo "2356"]

1.d4 Nf6 2.Nf3 e6 3.g3 Be7 4.Bg2 d5 5.c4 O-O 6.O-O dxc4 7.Nc3 a6 8.e4 b5
9.Qe2 Bb7 10.Rd1 Nbd7 11.a4 b4 12.e5 bxc3 13.exf6 Bxf6 14.bxc3 c5 15.dxc5 Qc7
16.Ba3 Rfc8 17.Qxc4 Nxc5 18.Qg4 Ne4 19.Rd3 Nxc3 20.Re1 Qa5 21.Rd7 h5 22.Qf4 Bd5
23.Ne5 Nxa4 24.Bb4 Qb5 25.Bxd5 exd5 26.Rxf7 Rc4 27.Nxc4 Qxb4 28.Re6 Qb1+
29.Kg2 Kxf7 30.Qc7+ Kxe6 31.Qc6+ Kf7 32.Qxd5+ Kg6 33.Qxa8 Qb5 34.Qe4+ Kh6
35.Nd6 Nc3  1-0

[Event "Open"]
[Site "Karvina CZE"]
[Date "2001.07.04"]
[Round "5"]
[White "Lahner,J"]
[Black "Michenka,J"]
[Result "0-1"]
[WhiteElo "2079"]
[BlackElo "2305"]

1.d4 Nf6 2.Nf3 e6 3.c4 d5 4.g3 Be7 5.Bg2 O-O 6.O-O dxc4 7.Qc2 a6 8.a4 Nc6
9.Qxc4 Qd5 10.Nbd2 Rd8 11.e3 Bd7 12.Ne5 Nxe5 13.Qxc7 Nc6 14.Bxd5 Nxd5 15.Qxb7 Na5
16.Qxa8 Rxa8 17.Ne4 Nb3 18.Ra2 Rc8 19.Nc5 Bxc5 20.dxc5 Rxc5 21.Bd2 Nxd2 22.b4 Nf3+
23.Kg2 Nxb4 24.Rb2 a5 25.Kxf3 Bxa4 26.Kg2 g5 27.h3 h5  0-1

[Event "FSIMA July"]
[Site "Budapest HUN"]
[Date "2001.07.05"]
[Round "4"]
[White "Yu Mingyuan"]
[Black "Moloney,N"]
[Result "1-0"]
[WhiteElo "2277"]
[BlackElo "2208"]

1.d4 Nf6 2.c4 e6 3.g3 d5 4.Bg2 Be7 5.Nf3 O-O 6.O-O Nbd7 7.Qc2 c6 8.Bf4 Nh5
9.Nbd2 Nxf4 10.gxf4 dxc4 11.Nxc4 Nb6 12.Nce5 f6 13.Nd3 Nd5 14.a3 Qc7 15.e3 Bd7
16.b4 Be8 17.Nc5 Bf7 18.Rfc1 Bd6 19.Qb2 Qe7 20.Ne4 Bc7 21.b5 cxb5 22.Qxb5 Rab8
23.a4 a6 24.Qc5 Rfc8 25.Qxe7 Nxe7 26.Nc5 Bd6 27.Rab1 Bxc5 28.dxc5 Be8 29.Nd4 Bxa4
30.Rxb7 Kf7 31.Ra7 Bb5 32.c6 Rb6 33.c7 Nd5 34.f5 Bd7 35.fxe6+ Bxe6 36.Nxe6 Kxe6
37.Bh3+ f5 38.e4 Ne7 39.exf5+ Nxf5 40.Bf1 Nd4 41.Bxa6  1-0

[Event "16th North Sea Cup"]
[Site "Esbjerg DEN"]
[Date "2001.07.07"]
[Round "2"]
[White "Schandorff,L"]
[Black "Nielsen,PH"]
[Result "1/2-1/2"]
[WhiteElo "2551"]
[BlackElo "2593"]

1.d4 Nf6 2.Nf3 d5 3.c4 e6 4.g3 Be7 5.Bg2 O-O 6.O-O dxc4 7.Qc2 a6 8.Qxc4 b5
9.Qc2 Bb7 10.Bg5 Nbd7 11.Bxf6 Nxf6 12.Nbd2 Rc8 13.Nb3 c5 14.dxc5 Be4 15.Qc3 Bd5
16.Rac1 Bxb3 17.Qxb3 Bxc5 18.e3 Qb6 19.Rc2 Rc7 20.Ne5 Rfc8 21.Rd1 h6 22.Rcd2  1/2-1/2

[Event "Open"]
[Site "Hyeres FRA"]
[Date "2001.07.09"]
[Round "3"]
[White "Sulava,N"]
[Black "Vallin,G"]
[Result "1/2-1/2"]
[WhiteElo "2531"]
[BlackElo "2359"]

1.d4 e6 2.c4 Nf6 3.g3 d5 4.Bg2 Be7 5.Nf3 O-O 6.O-O dxc4 7.Qc2 a6 8.a4 c5
9.dxc5 Bxc5 10.Qxc4 Qc7 11.Be3 Bb6 12.Qxc7 Bxc7 13.Rc1 Bd6 14.Nbd2 Nd5 15.Nc4 Be7
16.Bd2 Nd7 17.Ne1 f5 18.Nd3 N7f6 19.Nf4 Bc5 20.a5 Rd8 21.Nxd5 Nxd5 22.Bg5 Rf8
23.Rd1 h6 24.Bf4 Nxf4 25.gxf4 Rb8 26.Nb6 g5 27.fxg5 hxg5 28.Rac1 Bb4 29.Nxc8 Rfxc8
30.Rxc8+ Rxc8 31.Bxb7 Rc2 32.Bxa6 Bxa5 33.b3 Rc6 34.Bb5 Rb6 35.Bc4 Kf7 36.Kg2 Bb4
37.Rd7+ Kf6 38.h3 Be7 39.Rc7  1/2-1/2

[Event "Glorney Cup"]
[Site "Hyerois FRA"]
[Date "2001.07.09"]
[Round "2"]
[White "Koster,R"]
[Black "Sedlacek,J"]
[Result "0-1"]
[WhiteElo "2284"]
[BlackElo "2125"]

1.d4 d5 2.Nf3 Nf6 3.c4 e6 4.g3 Be7 5.Bg2 O-O 6.O-O c5 7.dxc5 Bxc5 8.Qc2 dxc4
9.Qxc4 Qc7 10.Be3 Bb6 11.Qxc7 Bxc7 12.Rc1 Bd6 13.Nc3 Nc6 14.Nb5 Bb8 15.Nfd4 Nxd4
16.Bxd4 Nd5 17.Bxd5 exd5 18.Nc7 Bxc7 19.Rxc7 Re8 20.e3 b6 21.a4 Bh3 22.a5 bxa5
23.Rxa5 Rec8 24.Rxc8+ Rxc8 25.Bc3 Rc7 26.f3 Be6 27.g4 h6 28.Kf2 Kh7 29.Kg3 Kg6
30.Kf4 f6 31.Bd4 Rb7 32.h4 h5 33.Ra6 Re7 34.Bc5 Bc8 35.Ra2 Rc7 36.gxh5+ Kxh5
37.Bxa7 Kxh4 38.e4 g5+ 39.Ke3 dxe4 40.fxe4 Bb7 41.b3 Kh5 42.Bd4 Kg6 43.Kd3 Re7
44.Re2 Ba6+  0-1

[Event "16th North Sea Cup"]
[Site "Esbjerg DEN"]
[Date "2001.07.14"]
[Round "9"]
[White "Rustemov,A"]
[Black "Van den Doel,E"]
[Result "1/2-1/2"]
[WhiteElo "2607"]
[BlackElo "2607"]

1.Nf3 d5 2.d4 Nf6 3.c4 e6 4.g3 Be7 5.Bg2 O-O 6.O-O dxc4 7.Qc2 a6 8.a4 Bd7
9.Qxc4 Bc6 10.Bg5 Bd5 11.Qd3 c5 12.dxc5 Bxc5 13.Nc3 Bc6 14.Qc4 Nbd7 15.b4 Be7
16.Qb3 h6 17.Be3 Nd5 18.Nxd5 Bxd5 19.Qb2 Bf6 20.Bd4 e5 21.Bc3 e4 22.Bxf6 Nxf6  1/2-1/2

[Event "ch-NOR"]
[Site "Kristiansund NOR"]
[Date "2001.07.14"]
[Round "9"]
[White "Dannevig,O"]
[Black "Johannessen,LE"]
[Result "0-1"]
[WhiteElo "2317"]
[BlackElo "2426"]

1.c4 e6 2.g3 d5 3.d4 Nf6 4.Bg2 Be7 5.Nf3 O-O 6.O-O c6 7.Qc2 Nbd7 8.Rd1 b6
9.b3 Ba6 10.Nbd2 c5 11.e4 dxc4 12.Nxc4 cxd4 13.e5 Nd5 14.Rxd4 Rc8 15.a4 Qc7
16.Bb2 Nc5 17.Rc1 Qb8 18.Ba3 Rfd8 19.Qb1 Rd7 20.h4 h6 21.h5 b5 22.axb5 Qxb5
23.Nd6 Bxd6 24.exd6 Qa5 25.Qb2 Qb6 26.Rg4 f6 27.Nd2 f5 28.Bxd5 exd5 29.Rg6 Nd3
30.Rxc8+ Bxc8 31.Qc3 Qxf2+ 32.Kh1 Bb7  0-1

[Event "Open"]
[Site "Novosibirsk RUS"]
[Date "2001.07.19"]
[Round "1"]
[White "Garagulya,K"]
[Black "Nam,K"]
[Result "1-0"]
[WhiteElo "2414"]
[BlackElo "2134"]

1.d4 d5 2.c4 e6 3.Nf3 Nf6 4.g3 Be7 5.Bg2 O-O 6.O-O Nbd7 7.Qc2 c6 8.Nbd2 Re8
9.e4 dxe4 10.Nxe4 Nxe4 11.Qxe4 Bf6 12.Ne5 Nf8 13.b3 Ng6 14.Bb2 Qc7 15.Ng4 Bg5
16.Qe2 Bd7 17.h4 Be7 18.h5 Nf8 19.h6 Ng6 20.hxg7 f5 21.Ne3 Bf6 22.d5 Bxb2
23.Qxb2 exd5 24.cxd5 f4 25.dxc6 bxc6 26.Nc4 Be6 27.Qf6 Rad8 28.Rae1 Bxc4
29.bxc4 fxg3 30.fxg3 Qxg7 31.Qxg7+ Kxg7 32.Bxc6 Rxe1 33.Rxe1 Rd2 34.a4 Rc2
35.Bd5 Rc3 36.Kf2 Kf6 37.Re6+  1-0

[Event "Czech Open"]
[Site "Pardubice CZE"]
[Date "2001.07.21"]
[Round "2"]
[White "Volodin,V"]
[Black "Bokros,A"]
[Result "0-1"]
[WhiteElo "2311"]
[BlackElo "2433"]

1.Nf3 Nf6 2.c4 e6 3.g3 d5 4.d4 Be7 5.Bg2 O-O 6.O-O dxc4 7.Qc2 a6 8.a4 Bd7
9.Qxc4 Bc6 10.Bg5 Bd5 11.Qd3 c5 12.dxc5 Nbd7 13.b4 a5 14.Nc3 axb4 15.Nxd5 Nxd5
16.Bxe7 Qxe7 17.Nd4 Nxc5 18.Qb5 Na6 19.Bxd5 exd5 20.Nf5 Qe6 21.Qxd5 Rfd8
22.Qb5 b6 23.Ne3 b3 24.Rfb1 Nc5 25.a5 Rab8 26.axb6 Qxb6 27.Qxb6 Rxb6 28.Ra5 Ne4
29.Ra3 Rdb8 30.Rb2 g6 31.Nc4 Rb5 32.Na5 Nd2 33.Ra1 Rxa5 34.Rxa5 Nc4 35.Raa2 Kg7
36.Rxb3 Rxb3 37.Rc2 Na3 38.Rd2 Nb1 39.Rc2 Rc3 40.Rb2 Rc1+ 41.Kg2 Nc3 42.h4 Re1
43.e3 Re2 44.Rb4 Nd1 45.Rf4 Nxe3+ 46.Kf3 Nd5 47.Rxf7+ Kxf7 48.Kxe2 Kf6 49.f3 Ke5
50.Kd3 Ne7 51.Ke3 Nf5+ 52.Kf2 Kd4  0-1

[Event "Czech Open"]
[Site "Pardubice CZE"]
[Date "2001.07.22"]
[Round "3"]
[White "Tolstikh,N"]
[Black "Krejci,J"]
[Result "1-0"]
[WhiteElo "2436"]
[BlackElo "2319"]

1.d4 Nf6 2.c4 e6 3.g3 d5 4.Bg2 Be7 5.Nf3 O-O 6.O-O dxc4 7.Qc2 a6 8.a4 Bd7
9.Qxc4 Bc6 10.Bg5 a5 11.Bxf6 Bxf6 12.Nc3 Bxf3 13.Bxf3 c6 14.Rfd1 Na6 15.e4 Qb6
16.e5 Be7 17.Be4 Nb4 18.Rd2 Rad8 19.Rad1 Rd7 20.Bb1 Rfd8 21.Ne4 Qa7 22.Qc3 Nd5
23.Qd3 g6 24.Qf3 Kg7 25.h4 Nb4 26.h5 c5 27.dxc5 Kh8 28.Rxd7 Rxd7 29.Rxd7  1-0

[Event "3rd Open"]
[Site "Patras GRE"]
[Date "2001.07.22"]
[Round "5"]
[White "Tsalugelashvili,L"]
[Black "Managadze,N"]
[Result "0-1"]
[WhiteElo "2143"]
[BlackElo "2420"]

1.d4 Nf6 2.c4 e6 3.g3 d5 4.Nf3 Be7 5.Bg2 O-O 6.Qc2 c6 7.O-O b6 8.Nbd2 Bb7
9.e4 dxe4 10.Nxe4 h6 11.Rd1 Nbd7 12.Bf4 Nxe4 13.Qxe4 Qc8 14.Ne5 Nxe5 15.Bxe5 Rd8
16.Rac1 Qd7 17.Qg4 Bf8 18.Bf6 Rdc8 19.c5 b5 20.h4 b4 21.Bf1 Kh8 22.Be5 a5
23.Bd3 Ba6 24.Bb1 Qd5 25.b3 a4 26.Be4 Qd8 27.Qh5 Kg8 28.g4 Be2 29.Re1 Bf3
30.Bd3 Qe8 31.Bf4 g6 32.Qe5 Bxg4 33.Kh2 Qd8 34.Kg3 Bf5 35.Bxf5 exf5 36.Rc4 Ra7
37.Qe3 Re7 38.Qd2 Rxe1 39.Qxe1 g5 40.hxg5 hxg5 41.Be5 f6 42.Bd6 Bxd6+ 43.cxd6 Qxd6+  0-1

[Event "ch-Paris Open"]
[Site "Paris FRA"]
[Date "2001.07.23"]
[Round "3"]
[White "Savchenko,S"]
[Black "Justo,D"]
[Result "1/2-1/2"]
[WhiteElo "2549"]
[BlackElo "2325"]

1.d4 e6 2.c4 d5 3.Nf3 Nf6 4.g3 Be7 5.Bg2 O-O 6.O-O c6 7.Nc3 Nbd7 8.b3 b6
9.Nd2 Bb7 10.e4 dxc4 11.Nxc4 b5 12.Ne3 Nb6 13.e5 Nfd5 14.Ne4 Kh8 15.Bd2 Nd7
16.Nxd5 cxd5 17.Nc3 b4 18.Ne2 Ba6 19.Re1 Qb6 20.Be3 Bxe2 21.Rxe2 Rac8 22.Rc1 Rc3
23.Rxc3 bxc3 24.Rc2 Qa5 25.Qd3 Bb4 26.Bf1 Rc8 27.Qb5 Qxb5 28.Bxb5 Nb6 29.Bc1 a5
30.a3 a4 31.bxa4 Ba5 32.Kf1 Kg8 33.Ke2 f6 34.f4 f5 35.Kd3 Kf7 36.Ra2 Nc4
37.Rc2 Ke7 38.Ke2 Rc7 39.Kd3 Rc8 40.Ke2 Rc7 41.Kd3  1/2-1/2

[Event "Zhong Hong Real Estate Cup"]
[Site "Beijing CHN"]
[Date "2001.07.26"]
[Round "7"]
[White "Li Shilong"]
[Black "Liang Jinrong"]
[Result "1/2-1/2"]
[WhiteElo "2486"]
[BlackElo "2510"]

1.d4 d5 2.c4 e6 3.Nf3 Nf6 4.g3 Be7 5.Bg2 O-O 6.O-O dxc4 7.Qc2 a6 8.a4 Bd7
9.Qxc4 Bc6 10.Nc3 b5 11.Qd3 b4 12.Nb1 Be4 13.Qd1 c5  1/2-1/2

[Event "Keres Mem Open"]
[Site "Tallinn EST"]
[Date "2001.07.30"]
[Round "8"]
[White "Akimov,I"]
[Black "Keskel,M"]
[Result "1-0"]
[WhiteElo "2300"]
[BlackElo "2067"]

1.d4 Nf6 2.Nf3 e6 3.c4 d5 4.g3 Be7 5.Bg2 O-O 6.O-O c5 7.cxd5 Nxd5 8.Nc3 Nxc3
9.bxc3 Nc6 10.e4 Qa5 11.Bb2 Rd8 12.Qe2 b6 13.d5 exd5 14.exd5 Rxd5 15.c4 Ba6
16.Qe4 Rd6 17.Ne5 Nxe5 18.Qxa8+ Rd8 19.Qxa7 Bd6 20.Bxe5 Bxe5 21.Rae1 Bf6
22.Bd5 Qa4 23.Qxf7+ Kh8 24.Re6 Bd4 25.Rfe1  1-0

[Event "HZ Open"]
[Site "Vlissingen NED"]
[Date "2001.07.30"]
[Round "4"]
[White "Kasimdzhanov,R"]
[Black "Lobzhanidze,D"]
[Result "1-0"]
[WhiteElo "2704"]
[BlackElo "2501"]

1.c4 e6 2.Nf3 d5 3.d4 Nf6 4.g3 Be7 5.Bg2 O-O 6.O-O dxc4 7.Qc2 a6 8.Qxc4 b5
9.Qc2 Bb7 10.Bg5 Nbd7 11.Bxf6 Nxf6 12.Nbd2 Rc8 13.Nb3 Be4 14.Qc3 Nd7 15.Rfd1 c6
16.Rac1 Qb6 17.Ne5 Nxe5 18.Bxe4 Nd7 19.Qa5 Qb7 20.Rc2 Rc7 21.Rdc1 Rfc8 22.e3 g6
23.Bg2 Kf8 24.a3 Kg8 25.h4 h5 26.Bf3 Kf8 27.Nd2 Nf6 28.Qc3 b4 29.axb4 Qxb4
30.Qd3 Qb6 31.Nc4 Qb5 32.Ne5 c5 33.Nxg6+ fxg6 34.Qxg6 Qe8 35.Qh6+ Kg8 36.dxc5 Qf8
37.Qg5+ Kh7 38.b4 Qf7 39.Qe5 Bf8 40.Be2 Rc6 41.Ra1 Bd6 42.Bd3+ Kh8 43.cxd6 Rxc2
44.d7 Rc1+ 45.Kg2 Qxd7 46.Qxf6+ Qg7 47.Rxc1 Qxf6 48.Rxc8+ Kg7 49.Rc7+ Kf8
50.Bxa6 Qe5 51.Rc8+ Kg7 52.Be2 Qe4+ 53.Bf3 Qxb4 54.Rc7+ Kg6 55.Rc6 Qb3 56.Rc5 Kf6
57.Rxh5 Kg6 58.Rg5+ Kf6 59.Rg4 Qd3 60.h5 Qh7 61.Rg6+ Kf7 62.Bg4 e5 63.e4 Qh8
64.Rg5 Qe8 65.Bf5 Qh8 66.g4 Qd8 67.Rg6 Qh4 68.h6 Kf8 69.h7  1-0

[Event "ch-IRI"]
[Site "Tehran IRI"]
[Date "2001.08.01"]
[Round "2"]
[White "Akbarinia,S"]
[Black "Ghorbani,M"]
[Result "0-1"]
[WhiteElo "2233"]
[BlackElo "2334"]

1.c4 Nf6 2.Nf3 e6 3.g3 d5 4.d4 Be7 5.Bg2 O-O 6.Nbd2 b6 7.O-O Bb7 8.b3 Nbd7
9.Bb2 Rc8 10.Rc1 c5 11.cxd5 exd5 12.dxc5 bxc5 13.Ne5 Re8 14.Nxd7 Qxd7 15.Nf3 d4
16.Qd2 Bf8 17.Rfe1 a5 18.Rcd1 Nd5 19.a4 Qc7 20.Qc1 Nb4 21.e3 Bd5 22.exd4 Bxb3
23.Rxe8 Rxe8 24.Rd2 Bxa4 25.Ne5 Bd6 26.Nc4 cxd4 27.Rxd4 Bf8 28.h3 Bb3 29.Kh2 Re2
30.Qc3 a4 31.Rg4 f5 32.Rf4 Rc2 33.Qf3 Bxc4 34.Rxf5 Bf7 35.Be5 Qd7 36.Rf4 Nc6
37.Qe4 Rc5 38.Bb2 Rc4 39.Rxf7 Qxf7 40.Qd3 Nb4  0-1

[Event "MTO"]
[Site "Biel SUI"]
[Date "2001.08.02"]
[Round "10"]
[White "Cvitan,O"]
[Black "Kunte,A"]
[Result "1/2-1/2"]
[WhiteElo "2555"]
[BlackElo "2547"]

1.Nf3 Nf6 2.c4 e6 3.g3 d5 4.Bg2 Be7 5.d4 O-O 6.O-O dxc4 7.Qc2 a6 8.a4 Bd7
9.Qxc4 Bc6 10.Bg5 a5 11.Nc3 Ra6 12.e3 Rb6 13.Qe2 Nbd7 14.Rfd1 h6 15.Bxf6 Nxf6
16.e4 Rb4 17.Qc2 Qb8 18.d5 Bd7 19.Ne5 Bc8 20.Nd3 Rb6 21.e5 Nxd5 22.Bxd5 exd5
23.Nxd5 Re6 24.Qxc7 Qxc7 25.Nxc7 Rc6 26.Nd5 Bg5 27.h4 Bd8 28.Rd2 Re8 29.Kg2 Rc4
30.Ne3 Rd4 31.Rad1 Bd7 32.b3 Bc6+ 33.f3 Bc7 34.Kf2 Bxe5 35.Nxe5  1/2-1/2

[Event "MTO"]
[Site "Biel SUI"]
[Date "2001.08.03"]
[Round "11"]
[White "Rashkovsky,N"]
[Black "Klovans,J"]
[Result "1-0"]
[WhiteElo "2497"]
[BlackElo "2446"]

1.d4 Nf6 2.Nf3 e6 3.c4 d5 4.g3 Be7 5.Bg2 O-O 6.O-O Nbd7 7.cxd5 exd5 8.Nc3 c6
9.Qc2 Re8 10.Rb1 a5 11.a3 Bd6 12.Bf4 Bxf4 13.gxf4 Nf8 14.e3 Ng6 15.Ne2 Bg4
16.Ne5 Bxe2 17.Qxe2 Nd7 18.Kh1 f6 19.Nd3 Nb6 20.Rg1 Re7 21.Bh3 Nc4 22.Rg2 Nd6
23.Qh5 Nf8 24.Rbg1 Ne8 25.f5 b6 26.Nf4 Raa7 27.Bg4 Nd6 28.Be2 Qc8 29.Bd3 Ne4
30.Qg4 Nd6 31.Rg3 Ne4 32.Bxe4 dxe4 33.Nh5 Kh8 34.Nxf6 Rf7 35.Nxe4 Qxf5 36.Qxf5 Rxf5
37.Rc1 Re7 38.Rg5 Rxg5 39.Nxg5 h6 40.Nf3 Re6 41.Ne5 c5 42.Kg2 g6 43.Rc2 Kg7
44.Kf3 Rf6+ 45.Ke4 Ne6 46.dxc5 Nxc5+ 47.Kd5 Rf8 48.f4 g5 49.Rg2 Rd8+ 50.Kc6 Ne4
51.Kxb6 a4 52.Kb5 Kf6 53.Kxa4  1-0

[Event "Open"]
[Site "Korinthos GRE"]
[Date "2001.08.04"]
[Round "8"]
[White "Mastrovasilis,A"]
[Black "Panagiotopoulos,O"]
[Result "1-0"]
[WhiteElo "2441"]
[BlackElo "2170"]

1.d4 d5 2.Nf3 e6 3.g3 Nf6 4.Bg2 Be7 5.c4 O-O 6.Qc2 c5 7.O-O cxd4 8.Nxd4 Nc6
9.Nxc6 bxc6 10.b3 Qa5 11.Nd2 Ba6 12.e4 dxe4 13.Nxe4 Qh5 14.Bb2 Rac8 15.Rad1 Rc7
16.Nxf6+ gxf6 17.Rd4 f5 18.Qc3 e5 19.Rh4 Bxh4 20.Qxe5 f6 21.Qxc7 Qe2 22.Ba3 Rf7
23.Qb8+ Kg7 24.gxh4 Kh6 25.Qg3 Qg4 26.Bxc6  1-0